[Event "Noblesville Snow Memorial"]
[Site "Noblesville"]
[Date "2022.09.16"]
[Round "1"]
[White "Fishbein, Alexander"]
[Black "Abraham, John Z"]
[Result "1-0"]
[WhiteElo "2507"]
[BlackElo "2039"]
[PlyCount "119"]
[EventDate "2022.09.16"]
[EventType "swiss"]
[EventRounds "5"]
[EventCountry "USA"]
[SourceTitle "EXT 2023"]
[Source "ChessBase"]
[SourceDate "2022.10.05"]
[SourceVersion "1"]
[SourceVersionDate "2022.10.05"]
[SourceQuality "1"]

1. e4 c6 2. d3 d5 3. Nd2 e5 4. Ngf3 Bd6 5. g3 Nf6 6. Bg2 0-0 7. 0-0 Bg4 8. h3 Bxf3 9. Bxf3 Nbd7 10. Re1 Qc7 11. Bg2 Rfe8 12. c3 Rad8 13. Qc2 Nb6 14. Nf3 Nfd7 15. b4 dxe4 16. Rxe4 Nf8 17. Bg5 f6 18. Bd2 Qf7 19. Rae1 Ng6 20. h4 Nd5 21. h5 Nf8 22. h6 g6 23. Bf1 Nd7 24. Qb3 Nc7 25. Qxf7+ Kxf7 26. d4 b5 27. c4 bxc4 28. Bxc4+ Kf8 29. dxe5 Nxe5 30. Nxe5 Rxe5 31. Rxe5 Bxe5 32. Be3 Nd5 33. Bc5+ Bd6 34. Re6 Bxc5 35. bxc5 Rc8 36. Kf1 Rc7 37. Ke2 f5 38. Kd3 Rd7 39. Bxd5 cxd5 40. Kd4 Kf7 41. Ra6 Kf8 42. c6 Rc7 43. Kxd5 Ke7 44. Ra3 Kf6 45. Kd6 Rxc6+ 46. Kxc6 Kg5 47. Rxa7 Kxh6 48. Rb7 g5 49. a4 Kg6 50. a5 Kh6 51. a6 Kg6 52. a7 h6 53. a8Q Kh5 54. Qe8+ Kg4 55. Qe2+ Kh3 56. Rb1 Kg2 57. f4+ Kxg3 58. Rg1+ Kxf4 59. Rf1+ Kg3 60. Qf3+ 1-0